Reflexiones de participación en la elección de alcaldes y alcaldesas /
Zapisane w:
| 1. autor: | |
|---|---|
| Format: | Texto |
| Hasła przedmiotowe: | |
| Etykiety: |
Dodaj etykietę
Nie ma etykietki, Dołącz pierwszą etykiete!
|
MARC
| LEADER | 00000 a a2200000 04500 | ||
|---|---|---|---|
| 001 | 8216 | ||
| 003 | |||
| 040 | |||
| 100 | |a Grijalba Acosta, Floribeth | ||
| 245 | |a Reflexiones de participación en la elección de alcaldes y alcaldesas / |c Floribeth Grijalba Acosta | ||
| 650 | |a GOBIERNO LOCAL | ||
| 650 | |a PARTICIPACION POLITICA | ||
| 650 | |a PARTICIPACION DE LA MUJER | ||
| 773 | |g volumen 5, número 4; páginas 59-61 | ||
| 999 | |c 19997 |d 19997 | ||
